Minulost nepromíjí /

Volné pokračování thrilleru Kde se skrývá pravda čtenáře opět zavede do kraje lesů, jezer a mrazivých příběhů odehrávajících se na západě Švédska.

Uloženo v:
Hlavní autor: Tell, Anna, 1975- (Autor)
Další autoři: Bažantová, Olga, 1988- (Autor)
Médium: Kniha
Jazyk:Czech
Vydáno: V Praze : Bourdon, 2026
Vydání:Vydání první
Témata:
Celkem bylo vypůjčeno:0x
Tagy:
Žádné tagy
LEADER 02320nam a2200421 i 4500
001 106403
003 CZ PrNK
005 20260527092753.0
007 ta
008 260515s2026 xr g 000 f cze
015 |a cnb003743392 
020 |a 9788076113787  |q (vázáno) 
040 |a ABG001  |b cze  |e rda 
041 1 |a cze  |h swe 
072 7 |a 821.11  |x Germánské literatury  |2 Konspekt  |9 25 
080 |a 821.113.6-31  |2 MRF 
080 |a (0:82-312.4)  |2 MRF 
100 1 |a Tell, Anna,  |d 1975-  |7 xx0227105  |4 aut  |9 116168 
240 1 0 |a I det förgångna.  |l Česky 
245 1 0 |a Minulost nepromíjí /  |c Anna Tell ; přeložila Olga Bažantová 
250 |a Vydání první 
264 1 |a V Praze :  |b Bourdon,  |c 2026 
300 |a 366 stran ;  |c 21 cm 
336 |a text  |b txt  |2 rdacontent 
337 |a bez média  |b n  |2 rdamedia 
338 |a svazek  |b nc  |2 rdacarrier 
500 |a Přeloženo ze švédštiny 
520 2 |a Volné pokračování thrilleru Kde se skrývá pravda čtenáře opět zavede do kraje lesů, jezer a mrazivých příběhů odehrávajících se na západě Švédska.  |b Jednoho chladného březnového večera je u silnice nedaleko hranic s Norskem nalezena kostra. Jak dlouho tam ostatky čekaly na své objevení? Je to dávný případ, anebo stále nezhojená ztráta blízkého člověka? Karlstadská policie se pouští do pátrání po těch, kteří zmizeli beze stopy. Vyšetřovatelka Hedvig Lilja se opět spoléhá na svou intuici, zkušenosti a umíněnost a s pomocí kolegů Inger, Samira a Kalleho začíná rozplétat to, co se zprvu zdá jako desítky let starý případ. S každou další odhalenou stopou se stále více přibližují nepříjemné pravdě, která poznamená přítomnost daleko výrazněji, než se zprvu mohlo zdát. Nakladatelská anotace. 
655 7 |a švédské romány  |7 fd133923  |2 czenas  |9 128 
655 7 |a detektivní romány  |7 fd132010  |2 czenas  |9 53536 
655 9 |a Swedish fiction  |2 eczenas 
655 9 |a detective novels  |2 eczenas 
700 1 |a Bažantová, Olga,  |d 1988-  |7 xx0188349  |4 trl  |9 112707 
710 2 |a Bourdon (nakladatelství)  |7 xx0221004  |4 pbl  |9 117204 
910 |a UOG502 
942 |2 ddc  |c KN 
999 |d 106403 
993 |0 0  |1 421180107116  |2 ddc  |4 0  |7 0  |9 99816  |b 0  |c 107116  |d 2026-05-27  |e 0  |f DOSP  |h 449.00  |i Koupě  |l DOSP  |r 2026-05-28  |t 6  |w 2026-05-27  |y KN  |z KRIMI  |n